[Event "Lansing op"]
[Site "Lansing"]
[Date "2001.09.01"]
[Round "2"]
[White "Drake, Robert"]
[Black "Carl, Kevin Joseph"]
[Result "0-1"]
[WhiteElo "1869"]
[BlackElo "2063"]
[PlyCount "86"]
[EventDate "2001.08.31"]
[EventType "swiss"]
[EventRounds "7"]
[EventCountry "USA"]
[SourceTitle "EXT 2007"]
[Source "ChessBase"]
[SourceDate "2006.11.23"]
[SourceVersion "1"]
[SourceVersionDate "2006.11.23"]
[SourceQuality "1"]

1. Nf3 g6 2. d4 Bg7 3. c4 Nf6 4. g3 d6 5. Nc3 0-0 6. Bg2 Nbd7 7. 0-0 e5 8. e4 c6 9. h3 Qb6 10. d5 cxd5 11. cxd5 Nc5 12. Nd2 Bd7 13. Nb3 Rac8 14. Be3 Ne8 15. g4 Qd8 16. Nxc5 dxc5 17. Rc1 Nd6 18. Na4 b6 19. b3 f5 20. f3 Bb5 21. Re1 Bf6 22. Nc3 Bd7 23. Bf1 Bg5 24. Qd2 Bxe3+ 25. Qxe3 Qh4 26. Re2 f4 27. Qf2 Qxf2+ 28. Rxf2 c4 29. bxc4 Nxc4 30. Bxc4 Rxc4 31. Ne2 Rfc8 32. Rxc4 Rxc4 33. Kg2 b5 34. Ng1 b4 35. Rd2 a5 36. Kf2 a4 37. Ke1 a3 38. Rd1 Rc2 39. Ra1 Bb5 40. Rb1 Rb2 41. Rc1 Rxa2 42. Rc5 Rb2 43. Rxb5 a2 0-1

[Event "Lansing op"]
[Site "Lansing"]
[Date "2001.09.01"]
[Round "3"]
[White "Drake, Robert"]
[Black "Spooner, Frank"]
[Result "1/2-1/2"]
[WhiteElo "1869"]
[BlackElo "1736"]
[PlyCount "50"]
[EventDate "2001.08.31"]
[EventType "swiss"]
[EventRounds "7"]
[EventCountry "USA"]
[SourceTitle "EXT 2007"]
[Source "ChessBase"]
[SourceDate "2006.11.23"]
[SourceVersion "1"]
[SourceVersionDate "2006.11.23"]
[SourceQuality "1"]

1. e4 c5 2. d4 cxd4 3. c3 dxc3 4. Nxc3 e6 5. Nf3 a6 6. Bc4 Qc7 7. Bb3 Nc6 8. 0-0 Nge7 9. Be3 Ng6 10. Rc1 Be7 11. Nd5 exd5 12. exd5 0-0 13. Re1 Bf6 14. Bd4 Qd8 15. dxc6 Bxd4 16. Qxd4 dxc6 17. Qe3 h6 18. Rcd1 Qf6 19. Qb6 Bg4 20. Rd3 Rae8 21. Rde3 Rxe3 22. Rxe3 Bxf3 23. Rxf3 Qe7 24. Qa5 Kh8 25. Re3 Qf6 1/2-1/2

[Event "Romulus op"]
[Site "Romulus"]
[Date "2000.09.03"]
[Round "4"]
[White "Geisleman, Dennis"]
[Black "Drake, Robert"]
[Result "1-0"]
[WhiteElo "2057"]
[BlackElo "1878"]
[PlyCount "117"]
[EventDate "2000.09.01"]
[EventType "swiss"]
[EventRounds "7"]
[EventCountry "USA"]
[SourceTitle "EXT 2007"]
[Source "ChessBase"]
[SourceDate "2006.11.23"]
[SourceVersion "1"]
[SourceVersionDate "2006.11.23"]
[SourceQuality "1"]

1. d4 g6 2. e4 Bg7 3. c4 d6 4. Nc3 Nf6 5. f3 0-0 6. Be3 c6 7. Bd3 e5 8. Nge2 Nbd7 9. Qd2 a6 10. 0-0 b6 11. b4 Qe7 12. Rab1 a5 13. a3 axb4 14. axb4 Rd8 15. Bg5 Qf8 16. d5 c5 17. bxc5 bxc5 18. Qb2 h6 19. Be3 Nh5 20. Ra1 Rb8 21. Nb5 f5 22. exf5 e4 23. Nec3 exd3 24. g4 Nhf6 25. fxg6 Ne5 26. Qb3 Nxg6 27. h3 Bd7 28. f4 Ne8 29. Rad1 Qf6 30. Rxd3 Qe7 31. Bd2 Bd4+ 32. Kg2 Nc7 33. Qc2 Nxb5 34. cxb5 Bxb5 35. Nxb5 Qe4+ 36. Kg3 Rxb5 37. Re1 Qxd5 38. Rxd4 Qf7 39. Rde4 Qb3+ 40. Qxb3+ Rxb3+ 41. R4e3 Rdb8 42. h4 d5 43. h5 d4 44. Rxb3 Rxb3+ 45. Kf2 Rb2 46. hxg6 Rxd2+ 47. Kf3 c4 48. f5 Rb2 49. Re8+ Kg7 50. Re7+ Kg8 51. Rc7 c3 52. f6 Rb8 53. Ke2 Rd8 54. Kd3 Kh8 55. Rh7+ Kg8 56. Rxh6 Rd5 57. f7+ Kg7 58. Rh7+ Kf8 59. Rh8+ 1-0